Elementos de cálculo diferencial y de cálculo integral / (Record no. 35519)

MARC details
000 -LEADER
campo de control de longitud fija 00542nam a2200169 i 4500
001 - NÚMERO DE CONTROL
campo de control 35519
003 - IDENTIFICADOR DE NÚMERO DE CONTROL
campo de control ES-MaACL
005 - FECHA Y HORA DE LA ÚLTIMA TRANSACCIÓN
campo de control 20230906155138.0
007 - CAMPO FIJO DE DESCRIPCIÓN FÍSICA--INFORMACIÓN GENERAL
campo de control de longitud fija t|
008 - DATOS DE LONGITUD FIJA--INFORMACIÓN GENERAL
campo de control de longitud fija 030213q19001999sp ||||1| spa d
100 1# - ENTRADA PRINCIPAL--NOMBRE DE PERSONA
Nombre de persona Boucharlat, J. L.
9 (RLIN) 30827
245 10 - MENCIÓN DEL TÍTULO
Título Elementos de cálculo diferencial y de cálculo integral /
Mención de responsabilidad, etc. por J. L. Boucharlat ; traducidos al español por Gerónimo del Campo.
260 ## - PUBLICACIÓN, DISTRIBUCIÓN, ETC.
Lugar de publicación, distribución, etc. [S.l. :
Nombre del editor, distribuidor, etc. s.n.,
Fecha de publicación, distribución, etc. 19--?]
300 ## - DESCRIPCIÓN FÍSICA
Extensión 436 p., 5 lám. ;
Dimensiones 25 cm.
700 1# - ENTRADA AGREGADA--NOMBRE PERSONAL
Nombre de persona Campo, Gerónimo del.
9 (RLIN) 34194
852 ## - LOCALIZACIÓN
Ubicación ES-MaACL
Número de control de estantería F-5295
Holdings
Estatus retirado Estado de pérdida Estado de daño No para préstamo Colección Biblioteca de origen Biblioteca actual Ubicación en estantería Fecha de adquisición Fuente de adquisición Total de préstamos Signatura topográfica completa Código de barras Visto por última vez Precio de reemplazo Tipo de ítem Koha
        Libros del s. XIX Biblioteca del Ateneo de Madrid Biblioteca del Ateneo de Madrid Depósito 2 17/01/2008     F-5295 1037173 23/02/2023 23/02/2023 Libro impreso antiguo